[Event "Sofia MGU op 174th"]
[Site "Sofia"]
[Date "2016.11.05"]
[Round "2"]
[White "Bozilov, Dragan"]
[Black "Mihalev, Daniil"]
[Result "0-1"]
[WhiteElo "2084"]
[BlackElo "1748"]
[PlyCount "108"]
[EventDate "2016.11.05"]
[EventType "swiss"]
[EventRounds "6"]
[EventCountry "BUL"]
[SourceTitle "CBM 175 Extra"]
[Source "ChessBase"]
[SourceDate "2016.12.12"]
[SourceVersion "1"]
[SourceVersionDate "2016.12.12"]
[SourceQuality "1"]

1. e4 e6 2. c4 c5 3. Nc3 b6 4. g3 Bb7 5. Bg2 Nf6 6. Nge2 d6 7. 0-0 Nbd7 8. d4 cxd4 9. Nxd4 a6 10. b3 Qc7 11. Bb2 Be7 12. Rc1 0-0 13. Qe2 Rfd8 14. Kh1 Nf8 15. f4 Rac8 16. Na4 N6d7 17. Qg4 Bf6 18. Ba1 b5 19. e5 dxe5 20. fxe5 Bxg2+ 21. Kxg2 Nxe5 22. Qe2 bxa4 23. c5 Neg6 24. Rc4 axb3 25. axb3 e5 26. Nf5 Qb7+ 27. Kh3 Ne6 28. Qc2 Ng5+ 29. Kg4 Qd7 30. h4 Ne6 31. c6 Qd3 32. Qxd3 Rxd3 33. b4 Ne7 34. Bxe5 Nxf5 35. Rxf5 Bxe5 36. Rxe5 Rd4+ 37. Rxd4 Nxd4 38. c7 Nb5 39. Kf5 f6 40. Rd5 Rxc7 41. Ke6 Rc8 42. Kd7 Rc7+ 43. Ke6 h6 44. g4 Rc4 45. Kf5 Kh7 46. g5 fxg5 47. hxg5 hxg5 48. Rd1 Rxb4 49. Rh1+ Rh4 50. Ra1 Kh6 51. Rxa6+ Kh5 52. Ra8 Rf4+ 53. Ke5 Rf7 54. Ke6 Nc7+ 0-1

[Event "SRB-chT2 East CS"]
[Site "Kragujevac"]
[Date "2016.10.07"]
[Round "7.3"]
[White "Milutinovic, Bojan"]
[Black "Bozilov, Dragan"]
[Result "0-1"]
[WhiteElo "1779"]
[BlackElo "2087"]
[PlyCount "54"]
[EventDate "2016.08.26"]
[EventType "team-tourn"]
[EventRounds "11"]
[EventCountry "SRB"]
[SourceTitle "EXT 2021"]
[Source "ChessBase"]
[SourceDate "2020.10.23"]
[SourceVersion "1"]
[SourceVersionDate "2020.10.23"]
[SourceQuality "1"]

1. e4 e5 2. Nf3 Nc6 3. Bc4 Nf6 4. Ng5 d5 5. exd5 Na5 6. Bb5+ c6 7. dxc6 bxc6 8. Be2 h6 9. Nf3 e4 10. Ne5 Qd4 11. f4 Bc5 12. Rf1 Qd6 13. c3 Bb6 14. d4 exd3 15. Qxd3 Qc7 16. b4 Nb7 17. a4 a5 18. Ba3 0-0 19. bxa5 Nc5 20. Qc4 Rxa5 21. Bxc5 Bxc5 22. Qa2 Nd5 23. Nc4 Ra7 24. Qd2 Rd8 25. Qc1 Ba6 26. Nba3 Re8 27. Rf3 Bxa3 0-1

[Event "Sofia MGU op 169th"]
[Site "Sofia"]
[Date "2016.06.25"]
[Round "1"]
[White "Tenev, Bogdan"]
[Black "Bozilov, Dragan"]
[Result "0-1"]
[WhiteElo "1429"]
[BlackElo "2075"]
[PlyCount "36"]
[EventDate "2016.06.25"]
[EventType "swiss"]
[EventRounds "6"]
[EventCountry "BUL"]
[SourceTitle "CBM 173 Extra"]
[Source "ChessBase"]
[SourceDate "2016.08.29"]
[SourceVersion "1"]
[SourceVersionDate "2016.08.29"]
[SourceQuality "1"]

1. d4 Nf6 2. Nc3 d5 3. g3 Bf5 4. Bg2 e6 5. h3 Nbd7 6. e3 c5 7. Nge2 a6 8. 0-0 Be7 9. Kh2 Qc7 10. f4 h5 11. b3 cxd4 12. exd4 Bb4 13. Bb2 Rc8 14. Qd2 Be4 15. a3 Bxg2 16. Kxg2 Ne4 17. Qd3 Bxc3 18. Nxc3 Nxc3 0-1

[Event "Sofia MGU op 166th"]
[Site "Sofia"]
[Date "2016.04.03"]
[Round "5"]
[White "Bozilov, Dragan"]
[Black "Kostov, Nikolai"]
[Result "1-0"]
[WhiteElo "2038"]
[BlackElo "1749"]
[PlyCount "103"]
[EventDate "2016.04.02"]
[EventType "swiss"]
[EventRounds "6"]
[EventCountry "BUL"]
[SourceTitle "CBM 171 Extra"]
[Source "ChessBase"]
[SourceDate "2016.04.26"]
[SourceVersion "1"]
[SourceVersionDate "2016.04.26"]
[SourceQuality "1"]

1. e4 e5 2. Nf3 Nc6 3. Bb5 Nf6 4. 0-0 Nxe4 5. d4 Nd6 6. Bxc6 dxc6 7. dxe5 Nf5 8. Qxd8+ Kxd8 9. Nc3 Be7 10. h3 h6 11. b3 Be6 12. Bb2 Kc8 13. g4 Nh4 14. Nxh4 Bxh4 15. f4 g6 16. Rad1 b6 17. a4 Kb7 18. f5 gxf5 19. gxf5 Rag8+ 20. Kh1 Bc8 21. Ne4 Rd8 22. e6 Rxd1 23. Rxd1 Re8 24. Bf6 Bxe6 25. fxe6 Rxe6 26. Nc5+ bxc5 27. Bxh4 c4 28. Rd4 Re3 29. Rxc4 Rxh3+ 30. Kg2 Re3 31. Bf2 Re6 32. Kf3 Rd6 33. Rb4+ Ka8 34. Be3 a5 35. Rf4 f6 36. Rf5 Rd5 37. Rxf6 Kb7 38. Rxh6 Rd7 39. Rh5 Ka6 40. Rc5 Rd6 41. Ke2 Re6 42. Kd3 Rg6 43. Bd4 Rg3+ 44. Kc4 Rg6 45. Rf5 Rg2 46. c3 Rb2 47. Rc5 Kb6 48. Rh5+ Ka6 49. Rh7 c5 50. Bxc5 Rg2 51. Bd4 Rg4 52. Rh5 1-0

[Event "Sofia MGU op 165th"]
[Site "Sofia"]
[Date "2016.03.12"]
[Round "3"]
[White "Metev, Martin"]
[Black "Bozilov, Dragan"]
[Result "1-0"]
[WhiteElo "2025"]
[BlackElo "2049"]
[PlyCount "61"]
[EventDate "2016.03.12"]
[EventType "swiss"]
[EventRounds "6"]
[EventCountry "BUL"]
[SourceTitle "CBM 171 Extra"]
[Source "ChessBase"]
[SourceDate "2016.04.26"]
[SourceVersion "1"]
[SourceVersionDate "2016.04.26"]
[SourceQuality "1"]

1. e4 e5 2. Nf3 Nc6 3. Bb5 a6 4. Ba4 Nf6 5. 0-0 Be7 6. Re1 b5 7. Bb3 d6 8. c3 0-0 9. h3 Nb8 10. d4 Nbd7 11. Nbd2 Bb7 12. d5 c6 13. dxc6 Bxc6 14. Bc2 Qc7 15. Nf1 Nc5 16. Ng3 g6 17. Nh2 Qb7 18. Qe2 Rfe8 19. Bh6 Bf8 20. Bxf8 Kxf8 21. Qe3 h5 22. Qh6+ Ke7 23. Qe3 h4 24. Ngf1 Bxe4 25. b4 Bxc2 26. bxc5 e4 27. Qd2 Bd3 28. Qxd3 dxc5 29. Qe3 Qc6 30. Qg5 Rh8 31. Ng4 1-0

[Event "Sofia MGU op 163rd"]
[Site "Sofia"]
[Date "2016.02.27"]
[Round "1"]
[White "Stanchev, Plamen"]
[Black "Bozilov, Dragan"]
[Result "1-0"]
[WhiteElo "1816"]
[BlackElo "2049"]
[PlyCount "43"]
[EventDate "2016.02.27"]
[EventType "swiss"]
[EventRounds "6"]
[EventCountry "BUL"]
[SourceTitle "CBM 171 Extra"]
[Source "ChessBase"]
[SourceDate "2016.04.26"]
[SourceVersion "1"]
[SourceVersionDate "2016.04.26"]
[SourceQuality "1"]

1. e4 c6 2. d4 d5 3. exd5 cxd5 4. Bd3 Nf6 5. Bf4 Nc6 6. c3 g6 7. Nf3 Bg7 8. Nbd2 0-0 9. 0-0 Nh5 10. Bg5 Qc7 11. Re1 Re8 12. Qb3 Qd6 13. Re2 h6 14. Be3 f5 15. Nf1 Rb8 16. Rae1 Kh8 17. Ne5 Rf8 18. g4 Nf6 19. Bf4 Nxe5 20. Bxe5 Qc6 21. Bxb8 fxg4 22. Qb5 1-0

[Event "Sofia MGU op 152nd"]
[Site "Sofia"]
[Date "2015.10.04"]
[Round "5"]
[White "Bozilov, Dragan"]
[Black "Andreev, Dobrotich"]
[Result "1-0"]
[WhiteElo "2017"]
[BlackElo "1906"]
[PlyCount "79"]
[EventDate "2015.10.03"]
[EventType "swiss"]
[EventRounds "6"]
[EventCountry "BUL"]
[SourceTitle "CBM 168 Extra"]
[Source "ChessBase"]
[SourceDate "2015.10.29"]
[SourceVersion "1"]
[SourceVersionDate "2015.10.29"]
[SourceQuality "1"]

1. e4 c6 2. d4 d5 3. exd5 cxd5 4. Bd3 Nc6 5. c3 g6 6. Bf4 Bf5 7. Bxf5 gxf5 8. Nf3 Bg7 9. Nbd2 e6 10. 0-0 Nge7 11. Nb3 Ng6 12. Bg5 Qc7 13. Qd2 h6 14. Bh4 Qf4 15. Qxf4 Nxf4 16. Bg3 Ne2+ 17. Kh1 Nxg3+ 18. hxg3 Bf6 19. Nc5 b6 20. Nd3 h5 21. Kg1 Ke7 22. Nf4 h4 23. gxh4 Bxh4 24. Rfe1 Kd7 25. Rad1 Bf6 26. Ne5+ Bxe5 27. dxe5 b5 28. g3 Rac8 29. Nd3 Na5 30. Kg2 Rh7 31. a4 a6 32. axb5 axb5 33. Ra1 Nb3 34. Ra7+ Kc6 35. Ra3 Nc5 36. Nxc5 Kxc5 37. Ra7 Kc4 38. Rd1 Kb3 39. Rd2 Rc4 40. Ra3# 1-0

[Event "Sofia MGU op 152nd"]
[Site "Sofia"]
[Date "2015.10.04"]
[Round "6"]
[White "Toncheva, Nadya"]
[Black "Bozilov, Dragan"]
[Result "0-1"]
[WhiteElo "1549"]
[BlackElo "2017"]
[PlyCount "36"]
[EventDate "2015.10.03"]
[EventType "swiss"]
[EventRounds "6"]
[EventCountry "BUL"]
[SourceTitle "CBM 168 Extra"]
[Source "ChessBase"]
[SourceDate "2015.10.29"]
[SourceVersion "1"]
[SourceVersionDate "2015.10.29"]
[SourceQuality "1"]

1. d4 c6 2. e4 d5 3. Nc3 dxe4 4. Nxe4 Nf6 5. Nxf6+ exf6 6. Bc4 Bd6 7. Nf3 0-0 8. 0-0 Bg4 9. h3 Bh5 10. Re1 Nd7 11. Be3 Qc7 12. Qe2 Rfe8 13. Qd1 Re7 14. Be2 Rae8 15. Qd2 h6 16. c4 c5 17. d5 f5 18. g3 Bxg3 0-1

[Event "Sofia MGU op 152nd"]
[Site "Sofia"]
[Date "2015.10.03"]
[Round "2"]
[White "Mihalev, Daniil"]
[Black "Bozilov, Dragan"]
[Result "0-1"]
[WhiteElo "1729"]
[BlackElo "2017"]
[PlyCount "64"]
[EventDate "2015.10.03"]
[EventType "swiss"]
[EventRounds "6"]
[EventCountry "BUL"]
[SourceTitle "CBM 168 Extra"]
[Source "ChessBase"]
[SourceDate "2015.10.29"]
[SourceVersion "1"]
[SourceVersionDate "2015.10.29"]
[SourceQuality "1"]

1. d4 c6 2. Nf3 Nf6 3. g3 d5 4. Bg2 e6 5. 0-0 Nbd7 6. Nbd2 Be7 7. c4 0-0 8. b3 b6 9. Qc2 Bb7 10. Bb2 c5 11. e3 Rc8 12. Ne5 cxd4 13. exd4 Nxe5 14. dxe5 Nd7 15. Qd3 Ba6 16. Rfd1 Qc7 17. Rac1 Nxe5 18. Qe3 d4 19. Bxd4 Nc6 20. Bb2 Bc5 21. Qe4 Bb7 22. Qg4 f5 23. Qh4 Be7 24. Qf4 Bd6 25. Qe3 Rce8 26. Nf3 e5 27. Ng5 e4 28. Qd2 Be5 29. Qd5+ Kh8 30. Bh3 Nd4 31. Qxd4 Bxd4 32. Bxd4 Qe7 0-1

[Event "Nis op-B"]
[Site "Nis"]
[Date "2015.04.26"]
[Round "9"]
[White "Ostojic, Milos R"]
[Black "Bozilov, Dragan"]
[Result "1-0"]
[WhiteElo "2002"]
[BlackElo "1980"]
[PlyCount "83"]
[EventDate "2015.04.20"]
[EventType "swiss"]
[EventRounds "9"]
[EventCountry "SRB"]
[SourceTitle "CBM 166 Extra"]
[Source "ChessBase"]
[SourceDate "2015.06.18"]
[SourceVersion "1"]
[SourceVersionDate "2015.06.18"]
[SourceQuality "1"]

1. e4 e5 2. Nf3 Nc6 3. Bc4 Be7 4. c3 Nf6 5. d3 0-0 6. h3 d6 7. Bb3 Nd7 8. Be3 Nb6 9. Nbd2 Kh8 10. g4 Be6 11. c4 Qd7 12. Nf1 Bf6 13. Ng3 g6 14. Bh6 Bg7 15. Bxg7+ Kxg7 16. Rg1 f6 17. Nf5+ Bxf5 18. gxf5 g5 19. h4 h6 20. hxg5 fxg5 21. Nxg5 hxg5 22. Qh5 Rf7 23. f6+ Kxf6 24. Qxg5+ Ke6 25. c5+ d5 26. cxb6 Ne7 27. exd5+ Nxd5 28. Qh6+ Ke7 29. Qh4+ Nf6 30. Bxf7 Kxf7 31. Qc4+ Nd5 32. Rh1 Kf6 33. Rh6+ Kg7 34. Qh4 Qf5 35. Rh5 Qxd3 36. Qg4+ Kf7 37. Qd7+ Kg8 38. Rg5+ Kf8 39. Qg7+ Ke8 40. Rxe5+ Kd8 41. Rxd5+ Ke8 42. Qg8+ 1-0

[Event "Nis op-B"]
[Site "Nis"]
[Date "2015.04.22"]
[Round "4"]
[White "Bozilov, Dragan"]
[Black "Stojkovic, Zoran"]
[Result "1-0"]
[WhiteElo "1980"]
[BlackElo "1903"]
[PlyCount "111"]
[EventDate "2015.04.20"]
[EventType "swiss"]
[EventRounds "9"]
[EventCountry "SRB"]
[SourceTitle "CBM 166 Extra"]
[Source "ChessBase"]
[SourceDate "2015.06.18"]
[SourceVersion "1"]
[SourceVersionDate "2015.06.18"]
[SourceQuality "1"]

1. e4 c5 2. Nf3 Nc6 3. d4 cxd4 4. Nxd4 Nf6 5. Nc3 e5 6. Ndb5 d6 7. Bg5 a6 8. Na3 b5 9. Nd5 Be7 10. Bxf6 Bxf6 11. c3 Bg5 12. Nc2 f5 13. h4 Be7 14. a4 bxa4 15. Qh5+ g6 16. Qh6 Bf8 17. Qg5 Be7 18. Qh6 Bf8 19. Qg5 Be7 20. Nxe7 Qxe7 21. Bc4 Qxg5 22. hxg5 Rb8 23. 0-0-0 Ke7 24. Bd5 Nd8 25. Rh4 fxe4 26. Rdh1 Be6 27. Rxh7+ Nf7 28. Bxe4 Rxh7 29. Rxh7 Rh8 30. Rxh8 Nxh8 31. Nb4 Bc4 32. g3 Ke6 33. Kd2 d5 34. Bc2 Nf7 35. f4 e4 36. Bxa4 Nd6 37. Nc2 Ke7 38. Ne3 Ke6 39. Bd1 Kd7 40. b3 Bb5 41. Nxd5 a5 42. Bg4+ Kc6 43. Ne7+ Kc5 44. Nxg6 a4 45. bxa4 Nc4+ 46. Ke1 Bxa4 47. f5 Be8 48. Nf4 Ne5 49. Be2 Kd6 50. Kf2 Nf7 51. Bh5 Ke5 52. Bxf7 Bxf7 53. f6 Be8 54. Ke3 Kf5 55. Nh3 Kg4 56. Kxe4 1-0

[Event "SRB-ch Central"]
[Site "Kragujevac"]
[Date "2015.03.09"]
[Round "1"]
[White "Bozilov, Dragan"]
[Black "Novoselski, Zoran"]
[Result "1/2-1/2"]
[WhiteElo "1979"]
[BlackElo "2365"]
[PlyCount "181"]
[EventDate "2015.03.09"]
[EventType "swiss"]
[EventRounds "9"]
[EventCountry "SRB"]
[SourceTitle "CBM 165 Extra"]
[Source "ChessBase"]
[SourceDate "2015.04.21"]
[SourceVersion "1"]
[SourceVersionDate "2015.04.21"]
[SourceQuality "1"]

1. d4 Nf6 2. c4 d6 3. Nc3 Nbd7 4. g3 e5 5. Bg2 Be7 6. Nf3 0-0 7. 0-0 c6 8. dxe5 dxe5 9. Ng5 Qc7 10. Qc2 Nc5 11. b4 Ne6 12. Nxe6 Bxe6 13. c5 a5 14. Ba3 axb4 15. Bxb4 Nd5 16. a3 f5 17. Na4 e4 18. Nb6 Ra6 19. Rab1 Rd8 20. e3 Bf6 21. Nc4 Nxb4 22. axb4 Rd3 23. Na5 Bc3 24. Qa4 Rd2 25. Rfc1 Ra2 26. Qd1 Bxb4 27. Nxc6 Rd2 28. Qe1 Rxc6 29. Rxb4 Rd5 30. Rcb1 Bc8 31. Rb5 Rdxc5 32. Rxc5 Rxc5 33. Bf1 Be6 34. Qd2 Rd5 35. Qa2 Kf7 36. Bc4 Rd6 37. Bxe6+ Rxe6 38. Qd5 Qc6 39. Rxb7+ Kg6 40. Qb3 Kh6 41. Qb2 Rf6 42. h4 Qd5 43. Kh2 Qd1 44. Ra7 Qf3 45. Rd7 Qg4 46. Qb7 f4 47. exf4 e3 48. f3 Qf5 49. Qd5 Qxd5 50. Rxd5 Re6 51. Rd1 Kg6 52. g4 Kf6 53. f5 Re7 54. Re1 h6 55. h5 Kg5 56. Kg3 e2 57. f4+ Kf6 58. Kf3 Ra7 59. Rxe2 Ra1 60. Re6+ Kf7 61. Re2 Rf1+ 62. Rf2 Rg1 63. Rg2 Rf1+ 64. Kg3 Kf6 65. Rf2 Rg1+ 66. Kh3 Kf7 67. Rg2 Rf1 68. Kg3 Rh1 69. Kf3 Rf1+ 70. Ke3 Kf6 71. Rg3 Ra1 72. Ke4 Ra4+ 73. Kf3 Ra1 74. Rg2 Ra3+ 75. Kf2 Ra4 76. Kg3 Ra3+ 77. Kh4 Rf3 78. Ra2 Rxf4 79. Ra6+ Kf7 80. Rg6 Rf3 81. Ra6 Ke7 82. Re6+ Kf7 83. Rg6 Kf8 84. Rb6 Kf7 85. Ra6 Ke7 86. Rc6 Kf7 87. Rg6 Kf8 88. Rd6 Kf7 89. Re6 Kf8 90. Re5 Kf7 91. Re6 1/2-1/2

[Event "Sofia MGU op 137th"]
[Site "Sofia"]
[Date "2015.03.01"]
[Round "5"]
[White "Andreev, Dobrotich"]
[Black "Bozilov, Dragan"]
[Result "1/2-1/2"]
[WhiteElo "1945"]
[BlackElo "1951"]
[PlyCount "44"]
[EventDate "2015.02.28"]
[EventType "swiss"]
[EventRounds "6"]
[EventCountry "BUL"]
[SourceTitle "CBM 165 Extra"]
[Source "ChessBase"]
[SourceDate "2015.04.21"]
[SourceVersion "1"]
[SourceVersionDate "2015.04.21"]
[SourceQuality "1"]

1. e4 c6 2. Nc3 d5 3. Nf3 dxe4 4. Ng5 Nf6 5. Bc4 e6 6. Ngxe4 Nbd7 7. d4 Be7 8. 0-0 Nxe4 9. Nxe4 0-0 10. Qe2 e5 11. Be3 Nf6 12. Nxf6+ Bxf6 13. dxe5 Bxe5 14. Rad1 Qc7 15. Bc5 Re8 16. Bd6 Bg4 17. Qxg4 Bxd6 18. h4 Rad8 19. h5 h6 20. Bd3 Re5 21. f4 Ra5 22. Kh1 Be7 1/2-1/2

[Event "Sofia MGU op 137th"]
[Site "Sofia"]
[Date "2015.03.01"]
[Round "4"]
[White "Bozilov, Dragan"]
[Black "Slavejkov, Anton"]
[Result "1-0"]
[WhiteElo "1951"]
[BlackElo "1793"]
[PlyCount "87"]
[EventDate "2015.02.28"]
[EventType "swiss"]
[EventRounds "6"]
[EventCountry "BUL"]
[SourceTitle "CBM 165 Extra"]
[Source "ChessBase"]
[SourceDate "2015.04.21"]
[SourceVersion "1"]
[SourceVersionDate "2015.04.21"]
[SourceQuality "1"]

1. d4 Nf6 2. c4 c5 3. d5 b5 4. Nd2 g6 5. e4 bxc4 6. Bxc4 d6 7. b3 Bg7 8. Bb2 0-0 9. Ngf3 a5 10. 0-0 Ba6 11. Qc2 Nbd7 12. Rfe1 Bxc4 13. Nxc4 Nb6 14. Rad1 Nxc4 15. Qxc4 Rb8 16. Bc3 Qc7 17. e5 Ne8 18. Qh4 dxe5 19. Bxe5 Bxe5 20. Rxe5 Nf6 21. Rde1 Rfe8 22. Qg3 Qd7 23. Rxe7 Qxd5 24. Qf4 Kg7 25. h3 Rxe7 26. Rxe7 Rb4 27. Qc7 Re4 28. Ne5 Nd7 29. Rxf7+ Kh6 30. Rxd7 Re1+ 31. Kh2 Qxe5+ 32. Qxe5 Rxe5 33. Ra7 Re2 34. Rxa5 Rxf2 35. a4 Rb2 36. Rb5 Kg7 37. Kg3 h5 38. h4 Kf6 39. Kf3 Ke7 40. g3 Kd7 41. Kf4 Ke6 42. Kg5 Rg2 43. Kxg6 Rxg3+ 44. Kxh5 1-0

[Event "Sofia MGU op 135th"]
[Site "Sofia"]
[Date "2015.02.07"]
[Round "2"]
[White "Gelemerov, Yane"]
[Black "Bozilov, Dragan"]
[Result "1-0"]
[WhiteElo "2051"]
[BlackElo "1951"]
[PlyCount "41"]
[EventDate "2015.02.07"]
[EventType "swiss"]
[EventRounds "6"]
[EventCountry "BUL"]
[SourceTitle "CBM 164 Extra"]
[Source "ChessBase"]
[SourceDate "2015.03.02"]
[SourceVersion "1"]
[SourceVersionDate "2015.03.02"]
[SourceQuality "1"]

1. e4 e5 2. Bc4 Nf6 3. Nc3 Bc5 4. d3 h6 5. f4 exf4 6. Bxf4 d6 7. Nf3 0-0 8. Qd2 Kh7 9. d4 Bb4 10. Bd3 Re8 11. 0-0 Bxc3 12. e5+ Kh8 13. bxc3 Ng8 14. Rae1 Be6 15. c4 dxe5 16. Bxe5 Nd7 17. d5 Bg4 18. Bd4 Ngf6 19. Ne5 Bh5 20. Nxd7 Rxe1 21. Rxe1 1-0

[Event "Sofia MGU op 133rd"]
[Site "Sofia"]
[Date "2015.01.25"]
[Round "4"]
[White "Andreev, Dobrotich"]
[Black "Bozilov, Dragan"]
[Result "1-0"]
[WhiteElo "1958"]
[BlackElo "1928"]
[PlyCount "69"]
[EventDate "2015.01.24"]
[EventType "swiss"]
[EventRounds "6"]
[EventCountry "BUL"]
[SourceTitle "CBM 164 Extra"]
[Source "ChessBase"]
[SourceDate "2015.03.02"]
[SourceVersion "1"]
[SourceVersionDate "2015.03.02"]
[SourceQuality "1"]

1. e4 e5 2. Nf3 Nc6 3. Bb5 a6 4. Bxc6 dxc6 5. Nc3 f6 6. d4 exd4 7. Nxd4 c5 8. Nde2 Qxd1+ 9. Nxd1 Bd6 10. Bf4 Be5 11. Bxe5 fxe5 12. Ne3 Be6 13. 0-0-0 Nf6 14. Nc3 0-0 15. f3 Rad8 16. Rxd8 Rxd8 17. Rd1 Rd4 18. b3 Kf7 19. Ne2 Rxd1+ 20. Kxd1 Ke7 21. Kd2 Kd6 22. Kd3 b5 23. Nf5+ Bxf5 24. exf5 Nd5 25. a3 c4+ 26. bxc4 bxc4+ 27. Kd2 h5 28. g3 Kc5 29. Nc3 Nxc3 30. Kxc3 Kd5 31. Kd2 a5 32. Ke3 c5 33. c3 Kc6 34. a4 Kd5 35. h3 1-0

[Event "Sofia MGU op 133rd"]
[Site "Sofia"]
[Date "2015.01.24"]
[Round "3"]
[White "Bozilov, Dragan"]
[Black "Stoilov, Aleksandar"]
[Result "1-0"]
[WhiteElo "1928"]
[BlackElo "1815"]
[PlyCount "63"]
[EventDate "2015.01.24"]
[EventType "swiss"]
[EventRounds "6"]
[EventCountry "BUL"]
[SourceTitle "CBM 164 Extra"]
[Source "ChessBase"]
[SourceDate "2015.03.02"]
[SourceVersion "1"]
[SourceVersionDate "2015.03.02"]
[SourceQuality "1"]

1. d4 Nf6 2. c4 g6 3. Nc3 d5 4. Bg5 Ne4 5. Bh4 Nxc3 6. bxc3 dxc4 7. Qa4+ Bd7 8. Qxc4 Bg7 9. e4 Na6 10. Qb3 Rb8 11. Rb1 0-0 12. Qa3 Re8 13. Nf3 c5 14. Bg3 e5 15. Nxe5 Qe7 16. Bd3 f5 17. Nxd7 Qxd7 18. Bxb8 Nxb8 19. Qxc5 Nc6 20. Bc4+ Kh8 21. 0-0 Rxe4 22. Bd5 Re8 23. Bxc6 bxc6 24. Rfe1 Rxe1+ 25. Rxe1 h6 26. Re7 Qc8 27. Qxa7 Qf8 28. Qd7 Kh7 29. a4 Qf6 30. Rxg7+ Qxg7 31. Qxg7+ Kxg7 32. a5 1-0

[Event "Sofia MGU op 133rd"]
[Site "Sofia"]
[Date "2015.01.24"]
[Round "2"]
[White "Slavejkov, Kristian"]
[Black "Bozilov, Dragan"]
[Result "0-1"]
[WhiteElo "1657"]
[BlackElo "1928"]
[PlyCount "26"]
[EventDate "2015.01.24"]
[EventType "swiss"]
[EventRounds "6"]
[EventCountry "BUL"]
[SourceTitle "CBM 164 Extra"]
[Source "ChessBase"]
[SourceDate "2015.03.02"]
[SourceVersion "1"]
[SourceVersionDate "2015.03.02"]
[SourceQuality "1"]

1. e4 e5 2. Nf3 Nc6 3. Bc4 Nf6 4. Ng5 d5 5. exd5 Na5 6. Bb5+ c6 7. dxc6 bxc6 8. Qf3 Bd7 9. Bd3 Bd6 10. Ne4 Nxe4 11. Bxe4 g6 12. Qc3 Qb6 13. d3 Bb4 0-1

[Event "Sofia MGU op 130th"]
[Site "Sofia"]
[Date "2015.01.04"]
[Round "6"]
[White "Bozilov, Dragan"]
[Black "Milanov, Petar"]
[Result "1-0"]
[WhiteElo "1928"]
[BlackElo "1643"]
[PlyCount "33"]
[EventDate "2015.01.03"]
[EventType "swiss"]
[EventRounds "6"]
[EventCountry "BUL"]
[SourceTitle "CBM 164 Extra"]
[Source "ChessBase"]
[SourceDate "2015.03.02"]
[SourceVersion "1"]
[SourceVersionDate "2015.03.02"]
[SourceQuality "1"]

1. d4 Nf6 2. c4 g6 3. Nc3 d5 4. Bg5 c6 5. Bxf6 exf6 6. cxd5 cxd5 7. e3 Bg7 8. Nf3 0-0 9. Qb3 Bd7 10. Qxd5 Qb6 11. Qb3 Qa5 12. Bc4 b5 13. Bxb5 Nc6 14. Qa4 Qc7 15. Nd5 Qd6 16. Bxc6 Bxc6 17. Qxc6 1-0

[Event "Sofia MGU op 126th"]
[Site "Sofia"]
[Date "2014.11.23"]
[Round "6"]
[White "Bozilov, Dragan"]
[Black "Kostov, Nikolai"]
[Result "0-1"]
[WhiteElo "1944"]
[BlackElo "1908"]
[PlyCount "38"]
[EventDate "2014.11.22"]
[EventType "swiss"]
[EventRounds "6"]
[EventCountry "BUL"]
[SourceTitle "CBM 163 Extra"]
[Source "ChessBase"]
[SourceDate "2014.12.23"]
[SourceVersion "1"]
[SourceVersionDate "2014.12.23"]
[SourceQuality "1"]

1. c3 e5 2. d4 exd4 3. cxd4 d5 4. Nf3 Bf5 5. Nc3 c6 6. Bf4 Bd6 7. Bxd6 Qxd6 8. e3 Nf6 9. Bd3 Bxd3 10. Qxd3 0-0 11. Ne5 Ne4 12. 0-0 Nxc3 13. bxc3 Nd7 14. Nxd7 Qxd7 15. c4 b6 16. Rfc1 f5 17. g3 Rf6 18. a4 g5 19. a5 Raf8 0-1